1801 1138 1939 1865 1106 1474 1483 1767 1223 1385 1823 1352 1360 1910 1803 1137 1441 1491 1553 1713 1156 1460 1841 2000 1049 1161 1893 1383 1134 1740 1322 1540 1152 1141 1387 1364 1041 1182 1051 1946 1566 1973 1621 1711 1648 1692 1326 1733 1263 1183 1728 1193 1372 1651 1558 1524 1703 1583 1853 1078 1743 1470 1001 1548 1076 1915 1280 1573 1485 1075 1820 1167 1096 1846 1043 1450 1693 1856 1123 1960 1136 1004 1983 1068 1802 1510 1744 1142 1428 1790 1912 1257 1159 1299 1517 1483 1133 1068 1065 BCNSPRNW ULIB Ver.6.0+V

เปลี่ยนเป็นภาษาไทย

Change to English
 แสดงรายละเอียดบรรณานุกรม
  กลับหน้าหลัก

Brief Record : Get Marc (ISO 2709) : E-mail record : QR code < ปิดหน้าต่าง
LEADER : 00000nam 2200000uu 4500
001    13399124537
003     ULIB
008    150901s2552||||th 000 0 tha d
020    ^a9786115000227
090    ^aนว.^bณ429ร
100 0  ^aณารา
245 00 ^aรอยฝันตะวันเดือด/^cณารา
250    ^aพิมพ์ครั้งที่ 4
260    ^aกรุงเทพฯ :^bพิมพ์คำ,^c2552
300    ^a480 หน้า
710 1  ^aพิมพ์คำ
945    ^p0^l0^i027700
999    ^aทศพร
รายการนี้ยังไม่มีแท็ก
คุณยังไม่ได้ล็อกอิน คุณสามารถมีกิจกรรมร่วมกับเว็บไซต์ได้ แต่ต้องล็อกอินก่อน ::
  ล็อกอิน

รายการสื่อสารสนเทศ

ลำดับที่ ประเภท เลขเรียก/บาร์โค้ด สถานที่ สถานะ
1. นวนิยาย
นวนิยาย
นว. ณ429ร ฉ.1 
  Barcode: 027700
ห้องสมุดวิทยาเขตสวรรค์ประชารักษ์
►นวนิยาย
บนชั้น
  ขอยืม

รายการใกล้เคียง
    ผู้แต่ง [ณารา]

BibComment


ยังไม่เคยถูกคอมเมนท์

คอมเมนท์ทรัพยากรรายการนี้
  คอมเมนท์: รอยฝันตะวันเดือด..


 Copyright 2026. Bcnsprnw @Library